Online
Catalog

Por un bistec = El chinago / (Record no. 14630)

MARC details
000 -CABECERA
campo de control de longitud fija 00816nam a2200265 a 4500
001 - NÚMERO DE CONTROL
campo de control 000015057
005 - FECHA Y HORA DE LA ÚLTIMA TRANSACCIÓN
campo de control 20200929163937.0
008 - DATOS DE LONGITUD FIJA--INFORMACIÓN GENERAL
campo de control de longitud fija 100129s1993 sp 000 j spa d
020 ## - NÚMERO INTERNACIONAL ESTÁNDAR DEL LIBRO
Número Internacional Estándar del Libro 8420646075
040 ## - FUENTE DE LA CATALOGACIÓN
Centro catalogador/agencia de origen DO-SdBNP
Lengua de catalogación spa
Centro/agencia transcriptor BNPHU
041 17 - CÓDIGO DE LENGUA
Código de lengua del texto/banda sonora o título independiente spa
Código de lengua original eng
Fuente del código Código de idioma MARC
082 ## - NÚMERO DE LA CLASIFICACIÓN DECIMAL DEWEY
Número de clasificación 813.4
Número de documento/Ítem L847p, 1993
049 ## - FONDOS LOCALES (OCLC)
Fondos de biblioteca BNPHU
100 1# - ENTRADA PRINCIPAL--NOMBRE DE PERSONA
Nombre de persona London, Jack,
Fechas asociadas al nombre 1876-1916
9 (RLIN) 33180
245 10 - MENCIÓN DE TÍTULO
Título Por un bistec = El chinago /
Mención de responsabilidad, etc. Jack London ; traducción de Carmen Criado.
246 11 - FORMA VARIANTE DE TÍTULO
Texto de visualización El chinago
250 ## - MENCIÓN DE EDICIÓN
Mención de edición 5a ed.
260 ## - PUBLICACIÓN, DISTRIBUCIÓN, ETC.
Lugar de publicación, distribución, etc. Madrid :
Nombre del editor, distribuidor, etc. Alianza,
Fecha de publicación, distribución, etc. 1993.
300 ## - DESCRIPCIÓN FÍSICA
Extensión 64 p. ;
Dimensiones 15 cm.
490 1# - MENCIÓN DE SERIE
Mención de serie Alianza cien
Designación de volumen o secuencia 7
650 #4 - PUNTO DE ACCESO ADICIONAL DE MATERIA--TÉRMINO DE MATERIA
Término de materia o nombre geográfico como elemento de entrada Cuentos estadounidense
9 (RLIN) 10646
650 #4 - PUNTO DE ACCESO ADICIONAL DE MATERIA--TÉRMINO DE MATERIA
Término de materia o nombre geográfico como elemento de entrada Literatura estadouniense
Subdivisión cronológica SIGLO XIX-XX
9 (RLIN) 34082
700 1# - PUNTO DE ACCESO ADICIONAL--NOMBRE DE PERSONA
Nombre de persona Criado, Carmen,
Término indicativo de función/relación tr.
9 (RLIN) 34083
830 #0 - PUNTO DE ACCESO ADICIONAL DE SERIE-TÍTULO UNIFORME
Título uniforme Alianza cien ;
Designación de volumen o secuencia 7
9 (RLIN) 12832
Holdings
Estado de retiro Estado de pérdida Restricciones de uso No para préstamo Código de colección Localización permanente Ubicación/localización actual Ubicación en estantería Fecha de adquisición Número de inventario Total de préstamos Signatura topográfica completa Código de barras Fecha visto por última vez Precio válido a partir de Tipo de ítem Koha
    Préstamo interno   Monografías: Libros y Folletos General General En catalogación 29.01.2010 LF1   813.4 L847p, 1993 15057-10 25.06.2020 25.06.2020 Préstamo interno

Powered by Koha